MARC details
| 000 -LEADER |
| campo de control de longitud fija |
01289nam a2200385Ia 4500 |
| 001 - NÚMERO DE CONTROL |
| campo de control |
060261 |
| 008 - DATOS DE LONGITUD FIJA--INFORMACIÓN GENERAL |
| campo de control de longitud fija |
221003m2020 xx 000 0 spa d |
| 035 ## - NÚMERO DE CONTROL DEL SISTEMA |
| Número de control de sistema |
CENDO_49885 |
| 041 ## - CÓDIGO DE IDIOMA |
| Código de lengua del texto/banda sonora o título independiente |
spa |
| 245 00 - MENCIÓN DEL TÍTULO |
| Título |
Manifiesto Día Internacional de las Personas Mayores |
| 260 ## - PUBLICACIÓN, DISTRIBUCIÓN, ETC. |
| Lugar de publicación, distribución, etc. |
[Madrid] : |
| Nombre del editor, distribuidor, etc. |
Federación de Pensionistas y Jubilados, |
| Fecha de publicación, distribución, etc. |
2020 |
| 300 ## - DESCRIPCIÓN FÍSICA |
| Extensión |
4 p. ; |
| Dimensiones |
30 cm |
| 500 ## - NOTA GENERAL |
| Nota general |
En: Revista de Orientación e Información, n. 75 (cuarto trimestre 2020), p. 20-23 |
| 650 #0 - PUNTO DE ACCESO ADICIONAL DE MATERIA--TÉRMINO DE MATERIA |
| Término de materia o nombre geográfico como elemento de entrada |
PERSONAS DE EDAD AVANZADA |
| 9 (RLIN) |
866 |
| 650 ## - PUNTO DE ACCESO ADICIONAL DE MATERIA--TÉRMINO DE MATERIA |
| Término de materia o nombre geográfico como elemento de entrada |
JUBILADO |
| 9 (RLIN) |
7275 |
| 650 ## - PUNTO DE ACCESO ADICIONAL DE MATERIA--TÉRMINO DE MATERIA |
| Término de materia o nombre geográfico como elemento de entrada |
PRESTACIONES DE VEJEZ |
| 9 (RLIN) |
348 |
| 650 #0 - PUNTO DE ACCESO ADICIONAL DE MATERIA--TÉRMINO DE MATERIA |
| Término de materia o nombre geográfico como elemento de entrada |
ASISTENCIA MEDICA |
| 9 (RLIN) |
556 |
| 650 ## - PUNTO DE ACCESO ADICIONAL DE MATERIA--TÉRMINO DE MATERIA |
| Término de materia o nombre geográfico como elemento de entrada |
JUBILACION |
| 9 (RLIN) |
1014 |
| 650 ## - PUNTO DE ACCESO ADICIONAL DE MATERIA--TÉRMINO DE MATERIA |
| Término de materia o nombre geográfico como elemento de entrada |
POLITICA SOCIAL |
| 9 (RLIN) |
228 |
| 650 #0 - PUNTO DE ACCESO ADICIONAL DE MATERIA--TÉRMINO DE MATERIA |
| Término de materia o nombre geográfico como elemento de entrada |
TRABAJADORES DE EDAD AVANZADA |
| 9 (RLIN) |
39440 |
| 650 ## - PUNTO DE ACCESO ADICIONAL DE MATERIA--TÉRMINO DE MATERIA |
| Término de materia o nombre geográfico como elemento de entrada |
AJUSTE DE PRESTACIONES |
| 9 (RLIN) |
1896 |
| 650 ## - PUNTO DE ACCESO ADICIONAL DE MATERIA--TÉRMINO DE MATERIA |
| Término de materia o nombre geográfico como elemento de entrada |
DERECHOS ECONOMICOS Y SOCIALES |
| 9 (RLIN) |
302 |
| 650 ## - PUNTO DE ACCESO ADICIONAL DE MATERIA--TÉRMINO DE MATERIA |
| Término de materia o nombre geográfico como elemento de entrada |
ESPAÑA |
| 9 (RLIN) |
9 |
| 650 #0 - PUNTO DE ACCESO ADICIONAL DE MATERIA--TÉRMINO DE MATERIA |
| Término de materia o nombre geográfico como elemento de entrada |
DIA INTERNACIONAL DE LAS PERSONAS DE EDAD |
| 9 (RLIN) |
39767 |
| 650 #0 - PUNTO DE ACCESO ADICIONAL DE MATERIA--TÉRMINO DE MATERIA |
| Término de materia o nombre geográfico como elemento de entrada |
ACTITUD SINDICAL |
| 9 (RLIN) |
61 |
| 710 2# - ENTRADA AGREGADA--NOMBRE DE ENTIDAD CORPORATIVA |
| Nombre de entidad corporativa o nombre de jurisdicción como elemento de entrada |
CCOO |
| Unidad subordinada |
Federación de Pensionistas y Jubilados, |
| Término indicativo de función/relación |
ed. |
| 9 (RLIN) |
9548 |
| 856 ## - LOCALIZACIÓN Y ACCESO ELECTRÓNICOS |
| Nota pública |
PDF |
| Identificador Uniforme de Recursos |
<a href="http://docpublicos.ccoo.es/cendoc/060261ManifiestoDiaMayores.pdf">http://docpublicos.ccoo.es/cendoc/060261ManifiestoDiaMayores.pdf</a> |
| 901 ## - ELEMENTOS DE DATOS A LOCAL LDA (RLIN) |
| a |
0 |
| 903 ## - ELEMENTOS DE DATOS C LOCAL, LDC (RLIN) |
| a |
NO |
| 904 ## - ELEMENTOS DE DATOS D LOCAL, LDD (RLIN) |
| a |
000 |
| 907 ## - ELEMENTOS DE DATOS G LOCAL, LDG (RLIN) |
| a |
Pensiones y jubilación |
| 910 ## - DATOS DE OPCIÓN DEL USUARIO (OCLC) |
| Datos de opción del usuario |
2020 |
| 942 ## - ELEMENTOS DE ENTRADA SECUNDARIOS (KOHA) |
| Tipo de ítem Koha |
Documento Electrónico |
| Fuente del sistema de clasificación o colocación |
Clasificación Decimal Dewey |